000 00248nam a2200109Ia 4500
008 240625s9999 xx 000 0 und d
041 _aeng
082 _a658.3125 AGU
100 _aAGUINIS HERMAN
245 _aPERFORMANCE MANAGEMENT
260 _c2015
999 _c39197
_d39197